| 000 | 01274nam a22003737a 4500 | ||
|---|---|---|---|
| 003 | EG-ScBUE | ||
| 005 | 20220529105243.0 | ||
| 006 | m||||fq||h 00| 0 | ||
| 008 | 140701t2013 maua f 001 0 eng d | ||
| 020 | _a9781133310815 | ||
| 020 | _a1133310818 | ||
| 040 |
_aEG-ScBUE _beng _erda _cEG-ScBUE _dEG-ScBUE |
||
| 082 | 0 | 4 |
_222 _a428.24 _bDOU |
| 100 | 1 |
_935961 _aDouglas, Nancy, _eauthor. |
|
| 245 | 1 | 0 |
_aWorld class 1 : _bExpanding English fluency / _cNancy Douglas, James R. Morgan. |
| 264 | 1 |
_aBoston, MA : _bNational Geographic Learning, _c[2013] |
|
| 264 | 4 | _cc2013 | |
| 300 |
_aix, 166 pages : _bcolor illustrations ; _c28 cm + _e1 CD. |
||
| 336 |
_2rdacontent _atext _btxt |
||
| 336 |
_2rdacontent _asounds _bsnd |
||
| 337 |
_2rdamedia _aunmediated _bn |
||
| 337 |
_2rdamedia _aaudio _bs |
||
| 338 |
_2rdacarrier _avolume _bnc |
||
| 338 |
_2rdacarrier _acomputer disc _bcd |
||
| 490 | 0 | _aWorld class series | |
| 500 | _aIncludes index. | ||
| 650 | 7 |
_aEnglish language _vTextbooks for foreign speakers. _2BUEsh |
|
| 650 | 7 |
_aEnglish language _vSound recordings for foreign speakers. _2BUEsh |
|
| 651 | _2BUEsh | ||
| 653 |
_cJuly2014 _bHHUUEENN |
||
| 655 |
_vReading book _934232 |
||
| 700 | 1 |
_936022 _aMorgan, James R., _eauthor. |
|
| 942 |
_2ddc _k428.24 DOU _cBB |
||
| 999 |
_c18331 _d18303 |
||